Epicuro e l'epicureismo nei papiri ercolanesi : (Record no. 16444)

MARC details
000 -LEADER
campo de control de longitud fija 01191nam a2200265 i 4500
001 - NÚMERO DE CONTROL
campo de control 16444
003 - IDENTIFICADOR DE NÚMERO DE CONTROL
campo de control ES-MaACL
005 - FECHA Y HORA DE LA ÚLTIMA TRANSACCIÓN
campo de control 20230906151324.0
007 - CAMPO FIJO DE DESCRIPCIÓN FÍSICA--INFORMACIÓN GENERAL
campo de control de longitud fija t|
008 - DATOS DE LONGITUD FIJA--INFORMACIÓN GENERAL
campo de control de longitud fija 000921s1993 it ||||1| ita d
080 ## - NÚMERO DE LA CLASIFICACIÓN DECIMAL UNIVERSAL
Número de la Clasificación Decimal Universal 1 Epicuro (064.3)
080 ## - NÚMERO DE LA CLASIFICACIÓN DECIMAL UNIVERSAL
Número de la Clasificación Decimal Universal 17.036.1(064.3)
245 00 - MENCIÓN DEL TÍTULO
Título Epicuro e l'epicureismo nei papiri ercolanesi :
Resto del título mostra bibliografica e documentaria in occasione del Congresso internazionale "L'Epicureismo greco e romano", 19-26 maggio 1993 /
Mención de responsabilidad, etc. Biblioteca nazionale Vittorio Emanuele III di Napoli, Centro internazionale per lo studio dei papiri ercolanesi, Istituto italiano per gli studi filosofici.
260 ## - PUBLICACIÓN, DISTRIBUCIÓN, ETC.
Lugar de publicación, distribución, etc. Napoli :
Nombre del editor, distribuidor, etc. Centro Internazionale per lo Studio dei Papiri Ercolanesi,
Fecha de publicación, distribución, etc. 1993.
300 ## - DESCRIPCIÓN FÍSICA
Extensión 209 p., [7] h. de lám. col. y n. ;
Dimensiones 24 cm.
600 04 - PUNTO DE ACCESO ADICIONAL DE MATERIA--NOMBRE DE PERSONA
Nombre de persona Epicuro-
Subdivisión de forma Exposiciones.
9 (RLIN) 173243
650 #4 - PUNTO DE ACCESO ADICIONAL DE MATERIA--TÉRMINO DE MATERIA
Término de materia o nombre geográfico como elemento de entrada Epicureísmo-
Subdivisión de forma Exposiciones.
9 (RLIN) 173244
650 ## - PUNTO DE ACCESO ADICIONAL DE MATERIA--TÉRMINO DE MATERIA
Término de materia o nombre geográfico como elemento de entrada Papiros.
9 (RLIN) 136652
655 #7 - TERMINO DE INDIZACIÓN--GENERO/FORMA
Fuente del término tgfbne
9 (RLIN) 193628
Datos o término principal de género/forma Catálogos de exposiciones
710 2# - ENTRADA AGREGADA--NOMBRE DE ENTIDAD CORPORATIVA
Nombre de entidad corporativa o nombre de jurisdicción como elemento de entrada Biblioteca nazionale di Napoli.
9 (RLIN) 173245
710 2# - ENTRADA AGREGADA--NOMBRE DE ENTIDAD CORPORATIVA
Nombre de entidad corporativa o nombre de jurisdicción como elemento de entrada Centro Internazionale per lo Studio dei Papiri Ercolanesi.
9 (RLIN) 2750
852 ## - LOCALIZACIÓN
Ubicación ES-MaACL
Número de control de estantería G-2161
942 ## - ELEMENTOS DE ENTRADA SECUNDARIOS (KOHA)
Fuente del sistema de clasificación o colocación Clasificación decimal universal
Holdings
Estatus retirado Estado de pérdida Estado de daño No para préstamo Biblioteca de origen Biblioteca actual Ubicación en estantería Fecha de adquisición Fuente de adquisición Total de préstamos Signatura topográfica completa Código de barras Visto por última vez Precio de reemplazo Tipo de ítem Koha
        Biblioteca del Ateneo de Madrid Biblioteca del Ateneo de Madrid Depósito 2 17/01/2008     G-2161 1016706 23/02/2023 23/02/2023 Libro impreso